| 000 | 01196nam a22002897a 4500 | ||
|---|---|---|---|
| 999 |
_c65126 _d65126 |
||
| 005 | 20240530110808.0 | ||
| 008 | 190224s2018 ua a g b 000 0dara d | ||
| 017 |
_a2017/21889 _bمصر. دار الكتب |
||
| 020 | _a9789779212517 | ||
| 040 |
_aEG-CaGPL _cEG-CaGPL |
||
| 082 | 0 | 4 |
_221 _a612.825/ _bك د |
| 100 | 1 | _aكوران، اندرو | |
| 245 | 1 | 2 |
_aالدليل الموجز فى اسرار المخ الكبرى : _bالقصة الحقيقية لمخك المذهل / _cتاليف ورسوم اندرو كوران ؛ تقديم ايان جيلبرت ؛ ترجمة احمد موسى |
| 250 | _aط.1 | ||
| 260 |
_aالقاهرة : _bالمركز القومى للترجمة ، _c2018. |
||
| 300 |
_a215 ص. : _bايض ؛ _c24 سم. |
||
| 490 | 0 |
_aالمركز القومى للترجمة ؛ _v2925. |
|
| 504 | _aيشتمل على ارجاعات ببليوجرافية | ||
| 650 | 0 | 7 |
_2qrmak _aالعقل |
| 650 | 0 | 7 |
_2qrmak _aالصراع العقلى |
| 650 | 0 | 7 |
_2qrmak _aالتحليل النفسى |
| 651 | _2qrmak | ||
| 700 | 1 |
_aجيلبرت، ايان _eمقدم |
|
| 700 | 0 |
_aاحمد موسى _eمترجم |
|
| 942 |
_2ddc _cBK |
||